LEADER 01167nam a2200289 u 4500 001 000000040704 003 CaOOAMICUS 005 20070226114131.0 008 980529s1952 gw u000 u ger u 035 $a10796986 040 $aPUL(R)$bita 100 1 $aDulckeit, Gerhard,$d1904-$0(OLS)http://pul/name/24489 245 10$aRömische Rechtsgeschichte :$bein Studienbuch /$cvon Gerhard Dulckeit. 260 $aMünchen :$bBeck,$c1952. 300 $axi, 287 p. ;$c23 cm 490 1 $aJuristische Kurz-Lehrbücher 500 $aContiene indici. 504 $aBibliografia in nota. 650 0$aRoman law$xHistory.$0(OLS)http://pul/subject/1407 700 1 $aSchwarz, Fritz.$0(OLS)http://pul/name/24490 830 0$aJuristische Kurz-Lehrbücher.$0(OLS)http://pul/title/41768 850 $aPUL 852 $aPUL$W1$xDP2 Diritto e Scienze Sociali 1$y65$m184 C 66$j55291$nBK-PRI$qStampati$B55291$CPULBib$Z2$F55291 $H68275 $82 941 1 $a8 961 $aDono Gabrio Lombardi. 996 $6245$aRömische Rechtsgeschichte :$bein Studienbuch$9(OLS)http://pul/title/41767 996 $6260$aMünchen :$bBeck$9(OLS)http://pul/publisher/50375 LEADER 01257nam a2200289 u 4500 001 000000115238 003 CaOOAMICUS 005 20090407153018.0 008 090407s2003 it u000 u ita r 020 $a88-02-05968-3 040 $aPUL$bita$dLDB 100 1 $aMottola, Maria Rita.$0(OLS)http://pul/name/71312 245 10$aMobbing e comportamento antisindacale /$cMaria Rita Mottola, con la collaborazione di Mauro Sella, Daniela Francia. 260 $aTorino :$bUTET,$cc2003. 300 $axvii, 258 p. ;$c24 cm. 490 1 $aGiurisprudenza critica ;$v06 504 $aBibliografia : p. 251-255. 650 4$aMobbing.$0(OLS)http://pul/subject/35253 700 1 $aSella, Mauro.$0(OLS)http://pul/name/71313 700 1 $aFrancia, Daniela.$0(OLS)http://pul/name/71314 830 0$aGiurisprudenza critica ;$v06.$0(OLS)http://pul/title/105621 850 $aPUL 852 $aPUL$W1$xSL Diritto e Scienze Sociali 3$y79$m340. 02 COLL 1.6$j131973$qDDC 21$B130958$CPULBib$Z2$F130958 $H109845 $82 941 1 $a9 996 $6020$a88-02-05968-3$9(OLS)http://pul/number/140274 996 $6245$aMobbing e comportamento antisindacale$9(OLS)http://pul/title/144821 996 $6260$aTorino :$bUTET$9(OLS)http://pul/publisher/48088